| 000 | 00797nam a2200241 4500 | ||
|---|---|---|---|
| 008 | |||
| 040 |
_aNUST _cNUST |
||
| 049 | _aMAIN | ||
| 090 |
_aS592.3 _bSOI |
||
| 245 | 0 |
_aSoil testing and plant analysis part II : _bplant analysis/ _c The Soil Science Society of America. |
|
| 260 |
_aWisconsin, U. S. A : _bThe Soil Science Society of America, _c1967. |
||
| 300 |
_aix, 114 pages : _billustrations ; _c23 cm. |
||
| 336 |
_atext _btxt _2rdacontent |
||
| 337 |
_aunmediated _bn _2rdamedia |
||
| 338 |
_avolume _bnc _2rdacarrier |
||
| 504 | _aIncludes bibliographical references. | ||
| 650 | _aSoil physics. | ||
| 650 | _aSoil texture. | ||
| 907 |
_a.b10169799 _b05-04-22 _c28-07-05 |
||
| 003 | |||
| 005 | 20230123134041.0 | ||
| 942 |
_cBOOKS _kS592.3 _mSOI |
||
| 999 |
_c159164 _d159164 |
||